Spanish Translations of Song Titles #10 - Statistics

General Stats
  • This quiz has been taken 154 times
  • The average score is 8 of 28
Answer Stats
Spanish English % Correct
Problema Problem
90%
Mi Primer Beso My First Kiss
73%
Aplausos Applause
70%
Una Vez One Time
64%
Tu Canción Your Song
64%
Año Tres Mil Year 3000
53%
Todo lo Que Necesitas Es el Amor All You Need Is Love
50%
Más Fuerte Stronger
49%
Ducha Shower
48%
Persiguiendo Pavimentos Chasing Pavements
30%
Otro Ladrillo en el Muro Another Brick in the Wall
29%
Chica de Campo Country Girl
29%
Jesús Toma el Volante Jesus Take the Wheel
27%
Llamando a la Puerta del Cielo Knockin' On Heaven's Door
23%
El Último Baile de María Juana Mary Jane's Last Dance
20%
Barcoestrellas Starships
16%
Tejido de Cicatriz Scar Tissue
13%
Detrás de Estos Ojos Color Avellana Behind These Hazel Eyes
11%
Perro de Caza Hound Dog
10%
Yo Disparé al Alguacil I Shot the Sheriff
10%
Piedad Mercy
10%
No Tengo Miedo Not Afraid
10%
Atado de Lengua Tongue Tied
9%
No Hay Iglesia en la Naturaleza No Church in the Wild
7%
Muchísimo Amor Whole Lotta Love
7%
Sentimiento Pacífico y Tranquilo Peaceful Easy Feeling
4%
Hay un Largo Camino a la Parte Superior It's a Long Way to the Top
1%
Lujosa Fancy
0%
No matching quizzes found
Score Distribution
Percent of People with Each Score
Percentile by Number Answered
Your Score History
You have not taken this quiz